[Event "Sachsen-ch U16"]
[Site "Sebnitz"]
[Date "2009.04.18"]
[Round "7"]
[White "Meyer, Stephan"]
[Black "Hoffmann, Jakob"]
[Result "1-0"]
[WhiteElo "1616"]
[BlackElo "1191"]
[PlyCount "73"]
[EventDate "2009.04.14"]
[EventType "swiss"]
[EventRounds "7"]
[EventCountry "GER"]
[SourceTitle "EXT 2010"]
[Source "ChessBase"]
[SourceDate "2010.11.25"]
[SourceVersion "1"]
[SourceVersionDate "2010.11.25"]
[SourceQuality "1"]

1. b3 Nf6 2. Bb2 d6 3. g3 e5 4. Bg2 g6 5. d3 Bg7 6. Nf3 0-0 7. 0-0 Nc6 8. e4 Ne7 9. Nbd2 Nh5 10. c3 f5 11. exf5 Bxf5 12. d4 h6 13. dxe5 dxe5 14. Nh4 Bd3 15. Re1 Nc6 16. Bxc6 bxc6 17. Ndf3 Qd6 18. Ba3 Qxa3 19. Qxd3 Qd6 20. Qxd6 cxd6 21. Nd2 Rf6 22. Rad1 d5 23. Rxe5 Kh7 24. Re3 Raf8 25. f3 Rd6 26. Re7 g5 27. Ng2 a5 28. g4 Nf4 29. Nxf4 gxf4 30. Rde1 Kg8 31. c4 Bc3 32. R1e2 dxc4 33. Nxc4 Rd1+ 34. Kg2 Ra1 35. R7e6 Kg7 36. Rxc6 Rf6 37. Rc5 1-0

[Event "Sachsen-ch U16"]
[Site "Sebnitz"]
[Date "2009.04.15"]
[Round "4"]
[White "Meyer, Stephan"]
[Black "Duenzel, Jonas"]
[Result "0-1"]
[WhiteElo "1616"]
[BlackElo "1956"]
[PlyCount "78"]
[EventDate "2009.04.14"]
[EventType "swiss"]
[EventRounds "7"]
[EventCountry "GER"]
[SourceTitle "EXT 2010"]
[Source "ChessBase"]
[SourceDate "2010.11.25"]
[SourceVersion "1"]
[SourceVersionDate "2010.11.25"]
[SourceQuality "1"]

1. e4 c5 2. c3 d5 3. exd5 Qxd5 4. d4 Nf6 5. Nf3 e6 6. Be3 cxd4 7. Qxd4 Nc6 8. Qd3 Be7 9. Nbd2 0-0 10. Qc2 b6 11. a3 Bb7 12. c4 Qd7 13. Be2 Rac8 14. 0-0 Qc7 15. b4 Ng4 16. h3 Nxe3 17. fxe3 Ne5 18. Nd4 Bf6 19. Rac1 Nc6 20. Nb5 Qe5 21. Ne4 Be7 22. Bd3 f5 23. Nf2 Qxe3 24. Rfe1 Qg3 25. Nh1 Qg6 26. c5 e5 27. Bc4+ Kh8 28. Bd5 bxc5 29. bxc5 a6 30. Bxc6 Rxc6 31. Rxe5 Rxc5 32. Rxe7 Rxc2 33. Rxc2 Qb6+ 34. Kh2 axb5 35. Rcc7 Qd6+ 36. Ng3 f4 37. Nf5 Rxf5 38. Rcd7 Qb8 39. Rxb7 Qf8 0-1

[Event "Sachsen-ch U16"]
[Site "Sebnitz"]
[Date "2009.04.14"]
[Round "1"]
[White "Grumpelt, Rico"]
[Black "Meyer, Stephan"]
[Result "0-1"]
[WhiteElo "1264"]
[BlackElo "1616"]
[PlyCount "108"]
[EventDate "2009.04.14"]
[EventType "swiss"]
[EventRounds "7"]
[EventCountry "GER"]
[SourceTitle "EXT 2010"]
[Source "ChessBase"]
[SourceDate "2010.11.25"]
[SourceVersion "1"]
[SourceVersionDate "2010.11.25"]
[SourceQuality "1"]

1. e4 c5 2. Nf3 Nc6 3. Bc4 e6 4. Nc3 Nge7 5. 0-0 d5 6. exd5 exd5 7. Bb5 a6 8. Bxc6+ Nxc6 9. Re1+ Be7 10. d4 c4 11. Ne2 0-0 12. Ng3 Bg4 13. h3 Bxf3 14. gxf3 Bf6 15. c3 b5 16. Kh1 Qd7 17. Kh2 Rfe8 18. Rxe8+ Rxe8 19. Be3 Re6 20. Qg1 Bh4 21. Re1 Ne7 22. Bf4 Rf6 23. Nh5 Rg6 24. Bg3 Nf5 25. Re2 Rg5 26. Qe1 Kf8 27. Nf4 Nxg3 28. fxg3 Bxg3+ 29. Qxg3 Rxg3 30. Kxg3 Qd6 31. Re5 f6 32. Rxd5 Qb8 33. Rd8+ Qxd8 34. Ne6+ Ke7 35. Nxd8 Kxd8 36. Kg4 g6 37. h4 h5+ 38. Kf4 Ke7 39. Ke4 Ke6 40. d5+ Kd6 41. f4 a5 42. f5 g5 43. hxg5 fxg5 44. f6 h4 45. Kf3 h3 46. f7 Ke7 47. b3 Kxf7 48. bxc4 bxc4 49. Ke4 h2 50. Kd4 h1Q 51. Kxc4 Qe4+ 52. Kc5 Qe3+ 53. Kc4 Qe2+ 54. Kb3 Qb5+ 0-1

[Event "Sachsen-ch U14"]
[Site "Sebnitz"]
[Date "2006.04.21"]
[Round "5"]
[White "Steinhau, Erik"]
[Black "Meyer, Stephan"]
[Result "0-1"]
[WhiteElo "1224"]
[BlackElo "1493"]
[PlyCount "82"]
[EventDate "2006.04.18"]
[EventType "swiss"]
[EventRounds "7"]
[EventCountry "GER"]
[SourceTitle "EXT 2007"]
[Source "ChessBase"]
[SourceDate "2006.11.23"]
[SourceVersion "1"]
[SourceVersionDate "2006.11.23"]
[SourceQuality "1"]

1. e4 c5 2. Nf3 Nc6 3. d4 cxd4 4. Nxd4 Nf6 5. Nc3 e6 6. Bd3 Nxd4 7. e5 Ng8 8. 0-0 Nc6 9. Re1 d6 10. exd6 Bxd6 11. Nb5 Nf6 12. c3 a6 13. Nxd6+ Qxd6 14. Qc2 0-0 15. Bg5 Ne5 16. Bxf6 Qxd3 17. Qxd3 Nxd3 18. Be7 Nxe1 19. Bxf8 Nd3 20. Ba3 e5 21. Rd1 e4 22. Rd2 Be6 23. b3 b5 24. f3 f5 25. Kf1 Rc8 26. Rc2 e3 27. Ke2 b4 28. Kxd3 bxa3 29. Kxe3 g5 30. c4 h5 31. g3 Re8 32. Rd2 Bxc4+ 33. Kf2 Bxb3 34. axb3 Rb8 35. Kg2 Rxb3 36. Rd8+ Kf7 37. Rd7+ Ke6 38. Ra7 Rb6 39. Rc7 a2 40. Rc1 Rb2+ 41. Kh3 Rb1 0-1

[Event "Leutersdorf Muench Braeu op 11th"]
[Site "Leutersdorf"]
[Date "2006.02.13"]
[Round "4"]
[White "Meyer, Stephan"]
[Black "Duenzel, Jonas"]
[Result "0-1"]
[WhiteElo "1616"]
[BlackElo "1894"]
[PlyCount "34"]
[EventDate "2006.02.11"]
[EventType "swiss"]
[EventRounds "9"]
[EventCountry "GER"]
[SourceTitle "CBM 110 Extra"]
[Source "ChessBase"]
[SourceDate "2006.03.10"]
[SourceVersion "2"]
[SourceVersionDate "2006.03.10"]
[SourceQuality "1"]

1. e4 c5 2. Nf3 e6 3. d4 cxd4 4. Nxd4 a6 5. Nc3 Qc7 6. f3 Nc6 7. Be3 Bb4 8. Qd2 Nf6 9. 0-0-0 d5 10. Nxc6 bxc6 11. Qd3 0-0 12. exd5 cxd5 13. Ne2 a5 14. c3 Ba6 15. Qc2 Rfc8 16. Rd2 Bxe2 17. Bxe2 Bxc3 0-1

[Event "Leutersdorf Muench Braeu op 11th"]
[Site "Leutersdorf"]
[Date "2006.02.12"]
[Round "2"]
[White "Meyer, Stephan"]
[Black "Breuer, Andre"]
[Result "0-1"]
[WhiteElo "1616"]
[BlackElo "1956"]
[PlyCount "110"]
[EventDate "2006.02.11"]
[EventType "swiss"]
[EventRounds "9"]
[EventCountry "GER"]
[SourceTitle "CBM 110 Extra"]
[Source "ChessBase"]
[SourceDate "2006.03.10"]
[SourceVersion "2"]
[SourceVersionDate "2006.03.10"]
[SourceQuality "1"]

1. e4 d5 2. exd5 Qxd5 3. Nc3 Qa5 4. d4 Nf6 5. Nf3 Bf5 6. Bd3 e6 7. 0-0 Nbd7 8. Qe2 0-0-0 9. Bd2 Bxd3 10. Qxd3 h6 11. Ne4 Qf5 12. Nc3 Qxd3 13. cxd3 g5 14. Ne4 Bg7 15. Bc3 Nd5 16. Bd2 g4 17. Rac1 Kb8 18. Ne5 Nxe5 19. dxe5 Bxe5 20. Nc3 Nb4 21. Be3 Nxd3 22. Rc2 Nxb2 23. Re1 Bxc3 24. Rxc3 Rd1 25. Rxd1 Nxd1 26. Rd3 Nxe3 27. Rxe3 Rd8 28. g3 Rd2 29. a3 c5 30. Re5 Rd5 31. Re4 h5 32. h3 gxh3 33. Kh2 Kc7 34. Kxh3 Kd6 35. f4 b5 36. Re3 a5 37. g4 hxg4+ 38. Kxg4 c4 39. Kf3 Kc5 40. Re5 Rxe5 41. fxe5 Kd4 42. Kf4 c3 43. a4 b4 44. Kg5 Kxe5 45. Kh6 Kf6 46. Kh5 c2 47. Kg4 c1Q 48. Kf3 b3 49. Ke4 b2 50. Kd4 Qf4+ 51. Kc5 b1Q 52. Kc6 Qc2+ 53. Kb5 Qb4+ 54. Ka6 Qc8+ 55. Ka7 Qbb7# 0-1

[Event "GER-ch U12"]
[Site "Willingen"]
[Date "2005.05.19"]
[Round "8"]
[White "Weber, Raphael"]
[Black "Meyer, Stephan"]
[Result "1-0"]
[WhiteElo "1721"]
[BlackElo "1395"]
[PlyCount "101"]
[EventDate "2005.05.14"]
[EventType "swiss"]
[EventRounds "11"]
[EventCountry "GER"]
[SourceTitle "CBM 106 Extra"]
[Source "ChessBase"]
[SourceDate "2005.07.01"]
[SourceVersion "1"]
[SourceVersionDate "2005.07.01"]
[SourceQuality "1"]

1. e4 c5 2. Nf3 Nc6 3. Bb5 Nf6 4. Bxc6 bxc6 5. d3 d5 6. e5 Nd7 7. Bf4 e6 8. 0-0 Be7 9. Nc3 0-0 10. Qd2 f6 11. exf6 Nxf6 12. Bg3 Bd6 13. Bxd6 Qxd6 14. h3 Bd7 15. Ne2 Rfe8 16. Rfe1 Re7 17. Ng3 e5 18. Re2 Rae8 19. Rae1 g6 20. Qg5 e4 21. dxe4 Nxe4 22. Nxe4 Rxe4 23. Rxe4 Rxe4 24. Rxe4 dxe4 25. Nd2 Qd4 26. Qd8+ Kf7 27. Nxe4 Qxe4 28. Qxd7+ Qe7 29. Qxe7+ Kxe7 30. Kf1 Kd6 31. Ke2 Ke5 32. Ke3 h6 33. f4+ Kf5 34. g4+ Ke6 35. Ke4 a6 36. f5+ gxf5+ 37. gxf5+ Kf6 38. c4 a5 39. b3 h5 40. h4 Kf7 41. Ke5 Ke7 42. f6+ Kf7 43. Kf5 Kf8 44. Ke6 Ke8 45. f7+ Kf8 46. a4 Kg7 47. Ke7 Kg6 48. f8Q Kh7 49. Qf5+ Kg7 50. Qg5+ Kh7 51. Kf7 1-0

[Event "Suedniedersachsen distr-ch"]
[Site "Bad Salzdetfurth"]
[Date "2004.10.16"]
[Round "2"]
[White "Meyer, Stephan"]
[Black "Belov, Igor2"]
[Result "1-0"]
[WhiteElo "1851"]
[BlackElo "2091"]
[PlyCount "95"]
[EventDate "2004.10.15"]
[EventType "swiss"]
[EventRounds "5"]
[EventCountry "GER"]
[SourceTitle "EXT 2008"]
[Source "ChessBase"]
[SourceDate "2007.11.25"]
[SourceVersion "1"]
[SourceVersionDate "2007.11.25"]
[SourceQuality "1"]

1. Nf3 d6 2. g3 e5 3. d3 c5 4. Bg2 Nc6 5. e4 Nge7 6. Nbd2 h6 7. 0-0 Be6 8. a4 Qd7 9. Nc4 g5 10. c3 Ng6 11. Rb1 Bg7 12. a5 Rd8 13. Qa4 0-0 14. b4 f5 15. Ne3 f4 16. Nd5 g4 17. Nd2 f3 18. Bh1 Nge7 19. b5 Bxd5 20. exd5 Nb8 21. Qc4 Qf5 22. h3 h5 23. Re1 Nd7 24. Ne4 Nf6 25. Bg5 Nxe4 26. Bxe7 Nd2 27. Qa2 Nxb1 28. Qxb1 Rd7 29. Bxf8 Bxf8 30. Qd1 Rg7 31. d4 exd4 32. cxd4 Qxd5 33. dxc5 Qxc5 34. Qb3+ d5 35. Re5 Qc4 36. Qd1 Re7 37. Rxh5 d4 38. hxg4 Qe2 39. Qb3+ Kg7 40. Bxf3 Qe1+ 41. Kg2 Re5 42. Qd3 Kf6 43. Qxd4 Bc5 44. Qf4+ Ke6 45. Rxe5+ Qxe5 46. Qxe5+ Kxe5 47. Bxb7 Bb4 48. b6 1-0

[Event "Wilhelm Werner Memorial-H 28th"]
[Site "Bockenem"]
[Date "2003.05.31"]
[Round "5"]
[White "Pape, Manfred"]
[Black "Meyer, Stephan"]
[Result "1/2-1/2"]
[WhiteElo "2056"]
[BlackElo "1890"]
[PlyCount "34"]
[EventDate "2003.??.??"]
[EventType "swiss"]
[EventRounds "7"]
[EventCountry "GER"]
[SourceTitle "EXT 2008"]
[Source "ChessBase"]
[SourceDate "2007.11.25"]
[SourceVersion "1"]
[SourceVersionDate "2007.11.25"]
[SourceQuality "1"]

1. d4 Nf6 2. Nf3 g6 3. g3 Bg7 4. Bg2 c5 5. d5 d6 6. 0-0 0-0 7. Nc3 Qa5 8. e4 Nbd7 9. Nd2 b5 10. Re1 Rb8 11. a4 b4 12. Nc4 Qa6 13. Nb5 Rxb5 14. Nxd6 Rb8 15. Nxc8 Rbxc8 16. Bh3 Rcd8 17. e5 Nxd5 1/2-1/2

[Event "Wilhelm Werner Memorial-H 28th"]
[Site "Bockenem"]
[Date "2003.05.29"]
[Round "3"]
[White "Korsus, Bernd"]
[Black "Meyer, Stephan"]
[Result "1-0"]
[WhiteElo "2227"]
[BlackElo "1890"]
[PlyCount "67"]
[EventDate "2003.??.??"]
[EventType "swiss"]
[EventRounds "7"]
[EventCountry "GER"]
[SourceTitle "EXT 2008"]
[Source "ChessBase"]
[SourceDate "2007.11.25"]
[SourceVersion "1"]
[SourceVersionDate "2007.11.25"]
[SourceQuality "1"]

1. d4 Nf6 2. c4 c5 3. d5 b5 4. cxb5 a6 5. b6 Qxb6 6. Nc3 g6 7. e4 d6 8. Nf3 Bg7 9. Nd2 0-0 10. Bc4 Nbd7 11. f4 Qc7 12. a4 Qa5 13. 0-0 Nb6 14. Be2 Rb8 15. Ra3 Bd7 16. Qe1 c4 17. Kh1 Rfc8 18. Qh4 e6 19. dxe6 fxe6 20. e5 dxe5 21. fxe5 Qxe5 22. Nf3 Qh5 23. Qg3 Qg4 24. Qe1 Rf8 25. h3 Qh5 26. Ng5 Qh6 27. Nf7 Qxc1 28. Qxc1 Rxf7 29. a5 Nbd5 30. Bxc4 Rbf8 31. Nxd5 exd5 32. Ba2 Nh5 33. Bxd5 Ng3+ 34. Rxg3 1-0